Statistics for Every James Ingram song that hit the Billboard hot 100

Click here to take the quiz!

General Stats

  • This quiz has been taken 3 times
  • The average score is 3 of 9

Answer Stats

Peak Chart PositionYearSong% Correct
11990I Don't Have The Heart
100%
171981Just Once
100%
11983Baby, Come To Me
50%
21987Somewhere Out There (From "An American Tail")
0%
141982One Hundred Ways
0%
151984What About Me?
0%
191984Yah Mo B There
0%
451983How Do You Keep The Music Playing
0%
581984There's No Easy Way
0%

Score Distribution

Percentile by Number Answered

Percent of People with Each Score

Your Score History

You have not taken this quiz